[Event "15PCR_ZK3"]
[Site "?"]
[Date "2003.??.??"]
[Round "?"]
[White "Trs, Jan"]
[Black "Zednik, Martin"]
[Result "1/2-1/2"]
[WhiteElo "2060"]
[BlackElo "1800"]
[PlyCount "96"]
[EventDate "2003.??.??"]
[EventType "corr"]
[EventRounds "2"]
[SourceDate "2005.03.17"]

1. c4 c5 2. Nf3 Nf6 3. Nc3 Nc6 4. e3 e6 5. d4 d5 6. cxd5 exd5 7. Be2 c4 8. Ne5
Bb4 9. Bd2 O-O 10. O-O Bd6 11. Nxc6 bxc6 12. Qc2 Qc7 13. h3 Be6 14. e4 Nxe4 15.
Nxe4 dxe4 16. Bxc4 Bd5 17. Rac1 Qb6 18. Qc3 a5 19. Rc2 Rfd8 20. Rfc1 a4 21. Bg5
Rdb8 22. Qd2 Re8 23. Bxd5 cxd5 24. Rc6 Qb8 25. Qe2 Re6 26. R6c2 Qb7 27. Qg4 Rf8
28. Bf4 f5 29. Qh4 Bxf4 30. Qxf4 Qb6 31. Rc8 Ree8 32. Rxe8 Rxe8 33. Qxf5 Qxd4
34. Rc7 Rf8 35. Qe6+ Kh8 36. Rf7 Rg8 37. Rf5 Qxb2 38. Qxd5 Qb1+ 39. Kh2 h6 40.
Re5 Rf8 41. Kg3 Qb2 42. Rxe4 Qxf2+ 43. Kh2 Qb6 44. Qd3 Qc7+ 45. Qg3 Qc2 46. Re7
Qb2 47. Rd7 Kg8 48. a3 Rf7 1/2-1/2

[Event "15PCR_ZK3"]
[Site "?"]
[Date "2003.??.??"]
[Round "?"]
[White "Simunek, Jiri"]
[Black "Bernard, Roman"]
[Result "1/2-1/2"]
[WhiteElo "2000"]
[BlackElo "1800"]
[PlyCount "76"]
[EventDate "2003.??.??"]
[EventType "corr"]
[EventRounds "2"]
[SourceDate "2005.03.17"]

1. d4 Nf6 2. c4 e6 3. Nc3 Bb4 4. Qc2 c5 5. dxc5 Bxc5 6. Nf3 a6 7. Bg5 d6 8. Rd1
Bd7 9. a3 a5 10. e3 Bc6 11. Ne5 Nbd7 12. Nxc6 bxc6 13. Ne4 a4 14. Bxf6 Nxf6 15.
Nxc5 Qa5+ 16. Qd2 dxc5 17. Qxa5 Rxa5 18. Bd3 Ke7 19. Ke2 Rb8 20. Rd2 Ra7 21.
Rb1 e5 22. f3 Ne8 23. Bc2 g6 24. Kd3 f5 25. Kc3 Nf6 26. Rbd1 e4 27. f4 h6 28.
h3 h5 29. g3 Rg8 30. Rg2 g5 31. Rdg1 g4 32. h4 Rd8 33. Rd2 Rxd2 34. Kxd2 Nd7
35. Kc3 Nb6 36. Rb1 Ke6 37. b4 axb3 38. Rxb3 Ra6 1/2-1/2

[Event "15PCR_ZK3"]
[Site "?"]
[Date "2003.??.??"]
[Round "?"]
[White "Petricek, Jiri"]
[Black "Stika, Vaclav"]
[Result "0-1"]
[WhiteElo "1875"]
[BlackElo "1860"]
[PlyCount "42"]
[EventDate "2003.??.??"]
[EventType "corr"]
[EventRounds "2"]
[SourceDate "2005.03.17"]

1. e4 e5 2. Nc3 Nc6 3. Bc4 Bc5 4. Qg4 Nd4 5. Qxg7 Qf6 6. Qxf6 Nxf6 7. Bd3 Rg8
8. Na4 Bf8 9. Nc3 Rxg2 10. Nh3 d5 11. exd5 Bxh3 12. Nb5 e4 13. Bf1 Nxc2+ 14.
Kd1 Nxa1 15. Nxc7+ Kd7 16. Nxa8 Ng4 17. Bxg2 Bxg2 18. Re1 Bf3+ 19. Re2 Bd6 20.
d3 exd3 21. Bg5 dxe2+ 0-1

[Event "15PCR_ZK3"]
[Site "?"]
[Date "2003.??.??"]
[Round "?"]
[White "Cvak, Rudolf"]
[Black "Stika, Vaclav"]
[Result "0-1"]
[WhiteElo "1800"]
[BlackElo "1860"]
[PlyCount "56"]
[EventDate "2003.??.??"]
[EventType "corr"]
[EventRounds "2"]
[SourceDate "2005.03.17"]

1. e4 e5 2. f4 exf4 3. Nf3 g5 4. Bc4 Nc6 5. d4 g4 6. O-O gxf3 7. Qxf3 Qh4 8.
Bxf4 Nxd4 9. Qd3 Ne6 10. Bxc7 Bc5+ 11. Kh1 Nxc7 12. Bxf7+ Kd8 13. Nd2 Nh6 14.
Qc3 Nxf7 15. Rxf7 Rf8 16. Nf3 Qf2 17. Rxh7 Ne6 18. Qd3 Nf4 19. Qd2 Qxd2 20.
Nxd2 b6 21. Rd1 Bb7 22. Rf1 Rc8 23. Rf3 Rc6 24. Rh4 Ng6 25. Rg4 Rd6 26. h3 Rxd2
27. Rxg6 Bxe4 28. Rxf8+ Bxf8 0-1

[Event "15PCR_ZK3"]
[Site "?"]
[Date "2003.??.??"]
[Round "?"]
[White "Bernard, Roman"]
[Black "Petricek, Jiri"]
[Result "1-0"]
[WhiteElo "1800"]
[BlackElo "1875"]
[PlyCount "44"]
[EventDate "2003.??.??"]
[EventType "corr"]
[EventRounds "2"]
[SourceDate "2005.03.17"]

1. e4 e5 2. Nf3 d6 3. d4 Nf6 4. Nc3 exd4 5. Nxd4 Nbd7 6. Bg5 h6 7. Bxf6 Nxf6 8.
Ndb5 a6 9. Na3 b5 10. Nab1 Bb7 11. Nxb5 axb5 12. Bxb5+ c6 13. Bd3 d5 14. exd5
Qe7+ 15. Be2 Nxd5 16. O-O Qc7 17. Re1 Be7 18. Bc4 O-O 19. Qd3 Bd6 20. h3 Nf4
21. Qf5 Ra5 22. Qg4 Rg5 1-0

[Event "15PCR_ZK3"]
[Site "?"]
[Date "2003.??.??"]
[Round "?"]
[White "Portych, Vaclav"]
[Black "Trs, Jan"]
[Result "1/2-1/2"]
[WhiteElo "2060"]
[BlackElo "2060"]
[PlyCount "43"]
[EventDate "2003.??.??"]
[EventType "corr"]
[EventRounds "2"]
[SourceDate "2005.03.17"]

1. c4 e5 2. Nc3 Nc6 3. Nf3 Nf6 4. g3 Bb4 5. Bg2 O-O 6. O-O e4 7. Ng5 Bxc3 8.
bxc3 Re8 9. f3 e3 10. dxe3 b6 11. e4 h6 12. Nh3 Qe7 13. Be3 Na5 14. c5 Nc4 15.
Bd4 bxc5 16. Bxf6 Qxf6 17. Qd5 Ba6 18. Qxc5 Qxc3 19. Nf4 c6 20. Rfc1 Qf6 21.
Rab1 Ne5 22. Rd1 1/2-1/2

[Event "15PCR_ZK3"]
[Site "?"]
[Date "2003.??.??"]
[Round "?"]
[White "Trs, Jan"]
[Black "Cvak, Rudolf"]
[Result "1-0"]
[WhiteElo "2060"]
[BlackElo "1800"]
[PlyCount "63"]
[EventDate "2003.??.??"]
[EventType "corr"]
[EventRounds "2"]
[SourceDate "2005.03.17"]

1. e4 c5 2. Nf3 Nc6 3. d4 cxd4 4. Nxd4 Nf6 5. Nc3 e5 6. Ndb5 d6 7. Bg5 a6 8.
Na3 b5 9. Bxf6 gxf6 10. Nd5 f5 11. Bd3 Be6 12. O-O Bxd5 13. exd5 Ne7 14. Nxb5
Bg7 15. Nc3 e4 16. Bc4 Ng6 17. Qd2 Qh4 18. f4 O-O 19. Rae1 Qd8 20. b3 Re8 21.
Nd1 Qd7 22. Re3 Ne7 23. Rh3 Qa7+ 24. Ne3 Qb6 25. Qe2 h6 26. Kh1 Qa5 27. g4 Qxa2
28. gxf5 Qb2 29. Rg3 Kh7 30. Qh5 Qf6 31. Rg5 Qc3 32. Ng4 1-0

[Event "15PCR_ZK3"]
[Site "?"]
[Date "2003.??.??"]
[Round "?"]
[White "Simunek, Jiri"]
[Black "Portych, Vaclav"]
[Result "1/2-1/2"]
[WhiteElo "2000"]
[BlackElo "2060"]
[PlyCount "68"]
[EventDate "2003.??.??"]
[EventType "corr"]
[EventRounds "2"]
[SourceDate "2005.03.17"]

1. d4 Nf6 2. c4 e6 3. Nc3 Bb4 4. Qc2 d5 5. cxd5 exd5 6. Bg5 h6 7. Bh4 c5 8.
dxc5 Nc6 9. e3 g5 10. Bg3 Qa5 11. Nge2 Ne4 12. a3 Bxc3+ 13. Nxc3 Bf5 14. Qc1
Qxc5 15. Nxe4 Qxc1+ 16. Rxc1 dxe4 17. Bb5 Rc8 18. O-O Ke7 19. Bxc6 Rxc6 20.
Rxc6 bxc6 21. Rc1 Rc8 22. b4 Be6 23. f4 a5 24. bxa5 c5 25. Kf1 Kd7 26. Ke1 g4
27. Bh4 Bb3 28. Bf6 c4 29. Bd4 Ra8 30. Bb6 f5 31. Kd2 h5 32. Kc3 Kc6 33. h3 g3
34. Rb1 Rf8 1/2-1/2

[Event "15PCR_ZK3"]
[Site "?"]
[Date "2003.??.??"]
[Round "?"]
[White "Petricek, Jiri"]
[Black "Zednik, Martin"]
[Result "0-1"]
[WhiteElo "1875"]
[BlackElo "1800"]
[PlyCount "60"]
[EventDate "2003.??.??"]
[EventType "corr"]
[EventRounds "2"]
[SourceDate "2005.03.17"]

1. e4 e5 2. Nf3 Nc6 3. Bb5 a6 4. Ba4 Nf6 5. O-O Be7 6. Qe2 b5 7. Bb3 O-O 8. c3
d5 9. exd5 Nxd5 10. Nxe5 Nxe5 11. Qxe5 Bb7 12. d4 Qd7 13. Nd2 Bd6 14. Qg5 Nf4
15. f3 Ne2+ 16. Kh1 Bf4 17. Qh4 Qd8 18. Qf2 Re8 19. Ne4 Nxc1 20. Bc2 f5 21. Nc5
Re2 22. Qg1 Be3 23. Nxb7 Qc8 24. Rf2 Bxf2 25. Qxc1 Qxb7 26. Qg5 Rxc2 27. Qxf5
Re2 28. h3 Rf8 29. Qg5 Qc6 30. b3 h6 0-1

[Event "15PCR_ZK3"]
[Site "?"]
[Date "2003.??.??"]
[Round "?"]
[White "Stika, Vaclav"]
[Black "Bernard, Roman"]
[Result "1/2-1/2"]
[WhiteElo "1860"]
[BlackElo "1800"]
[PlyCount "116"]
[EventDate "2003.??.??"]
[EventType "corr"]
[EventRounds "2"]
[SourceDate "2005.03.17"]

1. e4 e5 2. Nf3 d6 3. d4 Nf6 4. dxe5 Nxe4 5. Bc4 c6 6. O-O d5 7. Bd3 Nd7 8. c4
Nb6 9. cxd5 Qxd5 10. Qe2 Nc5 11. Rd1 Bg4 12. Bf5 Bxf3 13. gxf3 Qc4 14. Qxc4
Nxc4 15. f4 g6 16. Bc2 Be7 17. Nd2 Nb6 18. Nb3 Nd5 19. Rb1 O-O-O 20. Nxc5 Bxc5
21. Bd2 Rhe8 22. Kf1 Rd7 23. Bb3 f6 24. Re1 Bd4 25. e6 Rd6 26. Re4 c5 27. Rc1
Nc7 28. Re2 b6 29. f5 Bxb2 30. Rc4 Bd4 31. Bf4 Rc6 32. Ra4 Kb7 33. Bc2 gxf5 34.
Bxf5 b5 35. Ra3 Rexe6 36. Be4 Rxe4 37. Rxe4 Nd5 38. Bd2 b4 39. Rh3 Rc7 40. Reh4
a5 41. Rxh7 a4 42. R7h6 Rd7 43. R6h4 b3 44. axb3 a3 45. b4 a2 46. Ra3 a1=Q+ 47.
Rxa1 Bxa1 48. bxc5 Kc6 49. Rc4 f5 50. h4 Ra7 51. h5 Ra2 52. Bg5 Kb5 53. Rh4 f4
54. Kg2 Bd4 55. Kf3 Rxf2+ 56. Ke4 Kxc5 57. Bxf4 Bf6 58. Rg4 Rf1 1/2-1/2

[Event "15PCR_ZK3"]
[Site "?"]
[Date "2003.??.??"]
[Round "?"]
[White "Cvak, Rudolf"]
[Black "Bernard, Roman"]
[Result "0-1"]
[WhiteElo "1800"]
[BlackElo "1800"]
[PlyCount "74"]
[EventDate "2003.??.??"]
[EventType "corr"]
[EventRounds "2"]
[SourceDate "2005.03.17"]

1. e4 e5 2. f4 exf4 3. Nf3 g5 4. Bc4 g4 5. O-O gxf3 6. Qxf3 Qf6 7. e5 Qxe5 8.
Bxf7+ Kxf7 9. d4 Qxd4+ 10. Be3 Qg7 11. Qxf4+ Nf6 12. Nc3 Nc6 13. Nd5 Be7 14.
Rf3 Rg8 15. Rg3 Qh8 16. Rf1 d6 17. Rxg8 Kxg8 18. Nxc7 Qg7 19. Nxa8 Nd5 20. Qc4
Be6 21. Qe4 Qe5 22. Qxe5 dxe5 23. Bf2 b5 24. a3 Kg7 25. h3 h5 26. Re1 Kg6 27.
Kh2 Bd6 28. g3 Bb8 29. b3 Bc8 30. c4 bxc4 31. bxc4 Nc3 32. c5 Bb7 33. Nb6 axb6
34. cxb6 e4 35. Rc1 Nd5 36. Re1 Ne5 37. Re2 Nc3 0-1

[Event "15PCR_ZK3"]
[Site "?"]
[Date "2003.??.??"]
[Round "?"]
[White "Portych, Vaclav"]
[Black "Petricek, Jiri"]
[Result "1-0"]
[WhiteElo "2060"]
[BlackElo "1875"]
[PlyCount "71"]
[EventDate "2003.??.??"]
[EventType "corr"]
[EventRounds "2"]
[SourceDate "2005.03.17"]

1. c4 e5 2. Nc3 Nf6 3. Nf3 Nc6 4. g3 Bb4 5. Bg2 O-O 6. O-O e4 7. Ne1 Nd4 8.
Nxe4 Nxe4 9. Bxe4 Qe7 10. d3 Re8 11. e3 Ne6 12. a3 Bd6 13. Bd2 Be5 14. Qc2 h6
15. d4 Bf6 16. Bg2 d6 17. Rc1 Bxd4 18. exd4 Nxd4 19. Qd1 Ne2+ 20. Kh1 Bg4 21.
Nf3 Nd4 22. Be3 Qe4 23. Bxd4 Qe2 24. Qb3 Qe7 25. Qxb7 a6 26. Rce1 Be6 27. Nd2
Reb8 28. Qc6 a5 29. f4 Qd8 30. Rxe6 fxe6 31. Re1 e5 32. fxe5 Kh8 33. e6 Qg5 34.
e7 Qg6 35. Qd7 Re8 36. Bxa8 1-0

[Event "15PCR_ZK3"]
[Site "?"]
[Date "2003.??.??"]
[Round "?"]
[White "Trs, Jan"]
[Black "Simunek, Jiri"]
[Result "1-0"]
[WhiteElo "2060"]
[BlackElo "2000"]
[PlyCount "107"]
[EventDate "2003.??.??"]
[EventType "corr"]
[EventRounds "2"]
[SourceDate "2005.03.17"]

1. c4 e6 2. Nc3 d5 3. d4 Bb4 4. e3 Nf6 5. Bd3 c5 6. Nf3 O-O 7. O-O b6 8. cxd5
exd5 9. Ne5 Ba6 10. Bd2 Bxd3 11. Nxd3 Nc6 12. dxc5 bxc5 13. a3 Bxc3 14. Bxc3 d4
15. exd4 cxd4 16. Bd2 Qd5 17. Rc1 Rac8 18. Re1 Rfe8 19. Rxe8+ Rxe8 20. Qa4 Qe4
21. Nf4 Ne5 22. Re1 Qf5 23. Qxd4 Qg4 24. Kf1 Nc6 25. Rxe8+ Nxe8 26. Qe4 Qd7 27.
b4 Nf6 28. Qd3 Ne5 29. Qxd7 Nfxd7 30. Be3 Nc4 31. Bxa7 Nxa3 32. Ke2 Nb5 33. Bc5
f5 34. Kd3 Ne5+ 35. Kc2 Kf7 36. Kb3 g6 37. h4 h6 38. Ne2 Ke6 39. Ka4 Nc7 40.
Nf4+ Kd7 41. Bd4 Nc6 42. Bg7 g5 43. Ng6 Nd5 44. b5 Nd8 45. Bxh6 gxh4 46. Nxh4
Ke6 47. Ng6 Kd7 48. Nf4 Nxf4 49. Bxf4 Ne6 50. g3 Kc8 51. Kb3 Kb7 52. Kc4 Kb6
53. Be3+ Kb7 54. Kd5 1-0

[Event "15PCR_ZK3"]
[Site "?"]
[Date "2003.??.??"]
[Round "?"]
[White "Simunek, Jiri"]
[Black "Cvak, Rudolf"]
[Result "1-0"]
[WhiteElo "2000"]
[BlackElo "1800"]
[PlyCount "80"]
[EventDate "2003.??.??"]
[EventType "corr"]
[EventRounds "2"]
[SourceDate "2005.03.17"]

1. d4 Nf6 2. c4 e6 3. Nc3 Bb4 4. Qc2 O-O 5. a3 Bxc3+ 6. Qxc3 b6 7. Bg5 Bb7 8.
Nf3 d6 9. e3 Nbd7 10. Bd3 c5 11. Rd1 cxd4 12. Nxd4 Nc5 13. Qc2 Nxd3+ 14. Qxd3
h6 15. Bh4 Bxg2 16. Rg1 Bb7 17. Nb5 Bf3 18. Rd2 Bh5 19. Nxd6 Bg6 20. e4 Qc7 21.
Bxf6 gxf6 22. h4 Kh7 23. Qf3 Rg8 24. Qxf6 Rad8 25. Qe5 Qc5 26. Qxc5 bxc5 27. b4
Rb8 28. b5 f5 29. exf5 exf5 30. Re2 Rg7 31. Re6 f4 32. h5 Bxh5 33. Rxh6+ Kxh6
34. Nf5+ Kh7 35. Rxg7+ Kh8 36. Rxa7 Rd8 37. f3 Bxf3 38. Ne7 Be4 39. Nd5 Bxd5
40. cxd5 Rd6 1-0

[Event "15PCR_ZK3"]
[Site "?"]
[Date "2003.??.??"]
[Round "?"]
[White "Petricek, Jiri"]
[Black "Trs, Jan"]
[Result "0-1"]
[WhiteElo "1875"]
[BlackElo "2060"]
[PlyCount "44"]
[EventDate "2003.??.??"]
[EventType "corr"]
[EventRounds "2"]
[SourceDate "2005.03.17"]

1. e4 c5 2. Nf3 Nc6 3. d4 cxd4 4. Nxd4 Nf6 5. Nc3 e5 6. Ndb5 d6 7. Bg5 a6 8.
Na3 b5 9. Bxf6 gxf6 10. Bxb5 axb5 11. Naxb5 Ba6 12. Qg4 Qa5 13. Nc7+ Qxc7 14.
Nd5 Qb7 15. Nxf6+ Kd8 16. Rd1 h5 17. Qh4 Be7 18. Qg5 Qxb2 19. Qg7 Rf8 20. Qg5
Nb4 21. Qc1 Nxc2+ 22. Qxc2 Qxc2 0-1

[Event "15PCR_ZK3"]
[Site "?"]
[Date "2003.??.??"]
[Round "?"]
[White "Stika, Vaclav"]
[Black "Portych, Vaclav"]
[Result "0-1"]
[WhiteElo "1860"]
[BlackElo "2060"]
[PlyCount "104"]
[EventDate "2003.??.??"]
[EventType "corr"]
[EventRounds "2"]
[SourceDate "2005.03.17"]

1. e4 c5 2. Nf3 Nc6 3. d4 cxd4 4. Nxd4 Nf6 5. Nc3 e5 6. Ndb5 d6 7. Nd5 Nxd5 8.
exd5 Nb8 9. Bd3 Nd7 10. Be3 Nf6 11. Nc3 Be7 12. O-O O-O 13. h3 a6 14. f4 b5 15.
Qf3 Bb7 16. a3 Rc8 17. Bd2 Rc5 18. b4 Bxd5 19. Nxd5 Rxd5 20. Be3 Re8 21. a4 Bf8
22. Qf2 Qc8 23. Ra2 Qc3 24. Bd2 Qc8 25. Rfa1 e4 26. Bf1 g6 27. Rc1 Qe6 28. Be3
Rc8 29. axb5 Rxb5 30. Ra4 Nd5 31. Qd2 Nxe3 32. Qxe3 Rbb8 33. Bxa6 Rc7 34. c4 d5
35. cxd5 Rxc1+ 36. Qxc1 Qxd5 37. b5 Re8 38. Qe1 Bd6 39. Kh1 Bxf4 40. b6 Bb8 41.
Rb4 Qe5 42. g3 Qa5 43. Bb5 Re7 44. Kg2 Bd6 45. Rb1 Qxb6 46. Be2 Qe3 47. Qf2 Qc3
48. Rd1 Be5 49. Qe1 Rc7 50. Qxc3 Rxc3 51. g4 Rg3+ 52. Kf2 Rxh3 0-1

[Event "15PCR_ZK3"]
[Site "?"]
[Date "2003.??.??"]
[Round "?"]
[White "Bernard, Roman"]
[Black "Zednik, Martin"]
[Result "1-0"]
[WhiteElo "1800"]
[BlackElo "1800"]
[PlyCount "121"]
[EventDate "2003.??.??"]
[EventType "corr"]
[EventRounds "2"]
[SourceDate "2005.03.17"]

1. e4 e5 2. Nf3 Nc6 3. Bb5 a6 4. Ba4 Nf6 5. O-O Be7 6. d3 d6 7. Bxc6+ bxc6 8.
d4 Nxe4 9. Qe2 Ng5 10. Nxg5 Bxg5 11. dxe5 O-O 12. Bxg5 Qxg5 13. f4 Qg6 14. Qf3
Rb8 15. Qc3 Bf5 16. Rf3 Qe6 17. Nd2 c5 18. b3 Rbe8 19. Re1 f6 20. Rfe3 fxe5 21.
fxe5 Qd5 22. exd6 Rxe3 23. Qxe3 cxd6 24. c4 Qc6 25. Qg5 h6 26. Qe7 d5 27. Nf3
dxc4 28. bxc4 Qb6 29. a3 Rf6 30. Qe3 Qe6 31. Qxc5 Qd7 32. Qe3 Re6 33. Ne5 Qc7
34. c5 Qa5 35. Qc1 Kh7 36. Kh1 Re8 37. Qe3 Bc2 38. Re2 Bf5 39. h3 Re6 40. Qf4
Rf6 41. Qb4 Qd8 42. Qd2 Qc8 43. Qe3 Re6 44. Qd4 Qc7 45. Re3 Re8 46. Nc4 Rc8 47.
Re5 Bg6 48. Nd6 Rf8 49. Qe3 Qc6 50. Re7 Rf6 51. Qd4 Kh8 52. Rb7 h5 53. Kh2 Kg8
54. Qe5 Qa4 55. Rc7 Qf4+ 56. Qxf4 Rxf4 57. c6 Ra4 58. Rc8+ Kh7 59. c7 Rxa3 60.
Rh8+ Kxh8 61. c8=Q+ 1-0

[Event "15PCR_ZK3"]
[Site "?"]
[Date "2003.??.??"]
[Round "?"]
[White "Portych, Vaclav"]
[Black "Bernard, Roman"]
[Result "1/2-1/2"]
[WhiteElo "2060"]
[BlackElo "1800"]
[PlyCount "114"]
[EventDate "2003.??.??"]
[EventType "corr"]
[EventRounds "2"]
[SourceDate "2005.03.17"]

1. c4 e5 2. Nc3 Nc6 3. Nf3 Nf6 4. g3 d5 5. cxd5 Nxd5 6. Bg2 Nxc3 7. bxc3 Bc5 8.
O-O O-O 9. d3 Bb6 10. a4 Qf6 11. Qc2 Bg4 12. Nd2 Na5 13. Ne4 Qg6 14. h3 Bd7 15.
Ba3 Rfd8 16. c4 Nc6 17. e3 f5 18. Nd2 f4 19. c5 Ba5 20. Kh2 Be6 21. Ne4 Qh5 22.
Rfd1 a6 23. Rab1 Rab8 24. Rb2 Bd5 25. Rdb1 f3 26. Bf1 Ne7 27. Bb4 Bxb4 28. Rxb4
Nc6 29. Rxb7 Rxb7 30. Rxb7 Nd4 31. Qb2 Bxb7 32. Qxb7 Ne6 33. Qxa6 Qg6 34. a5
Kf8 35. h4 Qe8 36. Bh3 c6 37. Qc4 Nc7 38. Ng5 Qg6 39. Nxf3 Qxd3 40. Qxd3 Rxd3
41. Nxe5 Rd5 42. f4 Ke7 43. Bf5 Rxc5 44. Bxh7 Kd6 45. Kh3 Nd5 46. e4 Ne3 47. a6
Ra5 48. Ng4 Nxg4 49. Kxg4 Ke7 50. h5 c5 51. e5 Rxa6 52. Kg5 c4 53. g4 Kf7 54.
Bc2 Ra2 55. Bf5 c3 56. e6+ Kf8 57. h6 gxh6+ 1/2-1/2

[Event "15PCR_ZK3"]
[Site "?"]
[Date "2003.??.??"]
[Round "?"]
[White "Trs, Jan"]
[Black "Stika, Vaclav"]
[Result "1/2-1/2"]
[WhiteElo "2060"]
[BlackElo "1860"]
[PlyCount "97"]
[EventDate "2003.??.??"]
[EventType "corr"]
[EventRounds "2"]
[SourceDate "2005.03.17"]

1. c4 e5 2. Nf3 e4 3. Nd4 d5 4. cxd5 Qxd5 5. e3 Nf6 6. d3 Nbd7 7. Nc3 Bb4 8.
Bd2 Bxc3 9. Bxc3 O-O 10. Ne2 exd3 11. Nf4 Qg5 12. h4 Qh6 13. Qxd3 Re8 14. O-O-O
Ne4 15. Qc2 Nxc3 16. Qxc3 c6 17. Be2 Qf6 18. Rd2 Qxc3+ 19. bxc3 Nf6 20. Bd3 b6
21. Rhd1 h6 22. Bc2 Bb7 23. a3 Kf8 24. Rd6 Rab8 25. Kb2 Ke7 26. e4 Rbd8 27.
Rxd8 Rxd8 28. Rxd8 Kxd8 29. f3 Nd7 30. Nd3 c5 31. Kc1 b5 32. Kd2 a6 33. Ke3 Kc7
34. g3 Kd6 35. f4 Nb6 36. e5+ Kc6 37. Nb2 Kc7 38. a4 Bg2 39. f5 Nd5+ 40. Kd2 b4
41. cxb4 cxb4 42. a5 Ne7 43. f6 gxf6 44. exf6 Nd5 45. Bd3 Nxf6 46. Bxa6 Bb7 47.
Bc4 Ne4+ 48. Ke3 Nxg3 49. Nd3 1/2-1/2

[Event "15PCR_ZK3"]
[Site "?"]
[Date "2003.??.??"]
[Round "?"]
[White "Petricek, Jiri"]
[Black "Cvak, Rudolf"]
[Result "0-1"]
[WhiteElo "1875"]
[BlackElo "1800"]
[PlyCount "62"]
[EventDate "2003.??.??"]
[EventType "corr"]
[EventRounds "2"]
[SourceDate "2005.03.17"]

1. e4 e5 2. Nc3 Nf6 3. Bc4 Nxe4 4. Qh5 Nd6 5. Bb3 Nc6 6. Nb5 g6 7. Qf3 f5 8.
Qd5 Qe7 9. Nxc7+ Kd8 10. Nxa8 b6 11. Nxb6 axb6 12. Ne2 Bb7 13. Qd3 Bg7 14. Qe3
Nc8 15. O-O f4 16. Qh3 Nd6 17. Nxf4 exf4 18. c3 g5 19. d4 Ba6 20. Rd1 Qe2 21.
Bxf4 gxf4 22. Qh4+ Kc7 23. Qxf4 Qxb2 24. d5 Rf8 25. Qg3 Be5 26. Qe3 Rxf2 27.
Qxf2 Bxh2+ 28. Kxh2 Qxf2 29. c4 Ne5 30. Rd4 Nf3+ 31. Kh3 Nxd4 0-1

[Event "15PCR_ZK3"]
[Site "?"]
[Date "2003.??.??"]
[Round "?"]
[White "Stika, Vaclav"]
[Black "Simunek, Jiri"]
[Result "1-0"]
[WhiteElo "1860"]
[BlackElo "2000"]
[PlyCount "69"]
[EventDate "2003.??.??"]
[EventType "corr"]
[EventRounds "2"]
[SourceDate "2005.03.17"]

1. e4 e6 2. d4 d5 3. Nd2 c5 4. dxc5 Bxc5 5. Nb3 Bb6 6. exd5 exd5 7. Nf3 Nf6 8.
Bb5+ Nc6 9. O-O O-O 10. Bg5 Re8 11. Qd3 h6 12. Bh4 g5 13. Bg3 Ne4 14. Rae1 Nb4
15. Qd1 Bd7 16. Bxd7 Qxd7 17. c3 Nc6 18. Nfd2 Nxg3 19. hxg3 Ne5 20. Nd4 Nd3 21.
Rxe8+ Qxe8 22. Qf3 Nxb2 23. Qxd5 Bxd4 24. cxd4 b6 25. Qb3 Na4 26. Nf3 Rc8 27.
Re1 Qd7 28. Ne5 Qe8 29. Re3 b5 30. Ng6 Rc1+ 31. Kh2 Qd7 32. Qa3 fxg6 33. Qxc1
Nb6 34. Qc2 Kg7 35. Qc5 1-0

[Event "15PCR_ZK3"]
[Site "?"]
[Date "2003.??.??"]
[Round "?"]
[White "Bernard, Roman"]
[Black "Trs, Jan"]
[Result "1/2-1/2"]
[WhiteElo "1800"]
[BlackElo "2060"]
[PlyCount "63"]
[EventDate "2003.??.??"]
[EventType "corr"]
[EventRounds "2"]
[SourceDate "2005.03.17"]

1. e4 c6 2. d4 d5 3. exd5 cxd5 4. Bd3 Nc6 5. c3 Nf6 6. Bf4 g6 7. Nf3 Bg7 8.
Nbd2 O-O 9. O-O Nh5 10. Be3 Qc7 11. Re1 Re8 12. Nb3 a6 13. Qd2 Bg4 14. Be2 Nf6
15. Bf4 Qb6 16. Nc5 Bf5 17. Ne5 Nxe5 18. Bxe5 Ne4 19. Nxe4 Bxe5 20. dxe5 dxe4
21. Bc4 Qc7 22. g4 Qxc4 23. gxf5 e3 24. Rxe3 Qg4+ 25. Kf1 Qxf5 26. Rd1 Qf4 27.
Kg2 Qg4+ 28. Kh1 Qf5 29. a3 Rac8 30. Kg2 Qg4+ 31. Kf1 Qc4+ 32. Qd3 1/2-1/2

[Event "15PCR_ZK3"]
[Site "?"]
[Date "2003.??.??"]
[Round "?"]
[White "Cvak, Rudolf"]
[Black "Portych, Vaclav"]
[Result "1-0"]
[WhiteElo "1800"]
[BlackElo "2060"]
[PlyCount "99"]
[EventDate "2003.??.??"]
[EventType "corr"]
[EventRounds "2"]
[SourceDate "2005.03.17"]

1. e4 c5 2. Nf3 Nc6 3. d4 cxd4 4. Nxd4 Nf6 5. Nc3 e5 6. Ndb5 d6 7. Bg5 a6 8.
Na3 b5 9. Bxf6 gxf6 10. Nd5 f5 11. c3 Bg7 12. exf5 Bxf5 13. Nc2 Be6 14. Nce3
Ne7 15. g3 Nxd5 16. Nxd5 O-O 17. Bg2 a5 18. O-O Rb8 19. Qh5 Kh8 20. Rad1 f5 21.
Rd2 Bf7 22. Qd1 Qd7 23. Re1 Rfe8 24. Ne3 Red8 25. Bh3 Be6 26. a3 Rbc8 27. Qh5
Rf8 28. Red1 Rc6 29. Nd5 Qa7 30. Ne3 f4 31. Bf5 Bg8 32. gxf4 exf4 33. Nd5 Be5
34. Kh1 Rc4 35. Bc2 f3 36. Rg1 b4 37. Ne3 Rc7 38. cxb4 axb4 39. axb4 Rg7 40.
Rdd1 Rb8 41. Rxg7 Qxg7 42. Rg1 Qf8 43. Nf5 Qf7 44. Qh3 Qe6 45. Rg4 Bxb2 46. Nh4
Bf7 47. Bxh7 Qh6 48. Be4 Rg8 49. Ng6+ Rxg6 50. Rh4 1-0

[Event "15PCR_ZK3"]
[Site "?"]
[Date "2003.??.??"]
[Round "?"]
[White "Zednik, Martin"]
[Black "Trs, Jan"]
[Result "0-1"]
[WhiteElo "1800"]
[BlackElo "2060"]
[PlyCount "100"]
[EventDate "2003.??.??"]
[EventType "corr"]
[EventRounds "2"]
[SourceDate "2005.03.17"]

1. e4 e5 2. Nf3 Nc6 3. Bb5 a6 4. Ba4 Nf6 5. O-O Nxe4 6. d4 b5 7. Bb3 d5 8. dxe5
Be6 9. c3 Bc5 10. Nbd2 O-O 11. Bc2 f5 12. Nb3 Bb6 13. Nfd4 Nxd4 14. Nxd4 Qe7
15. Bb3 Rad8 16. a4 f4 17. axb5 axb5 18. Qf3 Bxd4 19. cxd4 c5 20. dxc5 Nxc5 21.
Ba2 d4 22. Re1 Bxa2 23. Rxa2 d3 24. b4 Nb3 25. Bd2 Qe6 26. Rb2 Qc4 27. Kh1 Nd4
28. Qg4 Nc2 29. Reb1 Qd5 30. e6 h5 31. Qh4 Rde8 32. Rg1 Rxe6 33. Rbb1 Nd4 34.
Rbc1 Nb3 35. Rcd1 Re2 36. Bxf4 Re4 37. Qg5 Rf5 38. Qg3 Rexf4 39. Rxd3 Nd4 40.
Qe3 Re4 41. Qd2 Qc4 42. f3 Re2 43. Qd1 Rd5 44. Qa1 h4 45. Qa8+ Kh7 46. Rc3 Qxc3
47. Qxd5 h3 48. Qh5+ Kg8 49. Qd5+ Ne6 50. gxh3 Qxb4 0-1

[Event "15PCR_ZK3"]
[Site "?"]
[Date "2003.??.??"]
[Round "?"]
[White "Bernard, Roman"]
[Black "Simunek, Jiri"]
[Result "1-0"]
[WhiteElo "1800"]
[BlackElo "2000"]
[PlyCount "59"]
[EventDate "2003.??.??"]
[EventType "corr"]
[EventRounds "2"]
[SourceDate "2005.03.17"]

1. e4 e6 2. d4 d5 3. Nc3 Nf6 4. e5 Nfd7 5. Nf3 c5 6. dxc5 Bxc5 7. Qd2 Nc6 8.
Qf4 O-O 9. Bd3 Nb4 10. Qg3 f6 11. exf6 Nxf6 12. O-O Bd6 13. Qh4 Nxd3 14. cxd3
e5 15. Re1 d4 16. Ne4 Bc7 17. Bg5 Bf5 18. Rac1 Rc8 19. a3 a5 20. b4 axb4 21.
axb4 b6 22. b5 Bxe4 23. Bxf6 Qxf6 24. Qxe4 Bd6 25. Kf1 Rxc1 26. Rxc1 Qf7 27.
Rc6 Bc7 28. h3 h6 29. Kg1 Qf4 30. Nh4 {zmatek v zapisu} 1-0

[Event "15PCR_ZK3"]
[Site "?"]
[Date "2003.??.??"]
[Round "?"]
[White "Stika, Vaclav"]
[Black "Petricek, Jiri"]
[Result "1-0"]
[WhiteElo "1860"]
[BlackElo "1875"]
[PlyCount "69"]
[EventDate "2003.??.??"]
[EventType "corr"]
[EventRounds "2"]
[SourceDate "2005.03.17"]

1. c4 e5 2. Nc3 Nf6 3. Nf3 Nc6 4. d4 exd4 5. Nxd4 Bb4 6. Nxc6 bxc6 7. Bd2 O-O
8. e4 Rb8 9. Bd3 d5 10. Rc1 Qe7 11. cxd5 cxd5 12. a3 Bd6 13. Nb5 Ba6 14. Nxd6
Bxd3 15. Bb4 Rxb4 16. axb4 Qxd6 17. Qxd3 Qxb4+ 18. Qc3 Qb5 19. Qc5 Qxc5 20.
Rxc5 Rc8 21. O-O c6 22. Rfc1 h6 23. Rxc6 Rb8 24. Rc8+ Rxc8 25. Rxc8+ Kh7 26.
Ra8 Nxe4 27. Rxa7 Kg6 28. f3 Nd2 29. b4 Nc4 30. b5 f6 31. Rd7 h5 32. Rxd5 Kh6
33. Rc5 Nb6 34. Rc6 Nd7 35. b6 1-0

[Event "15PCR_ZK3"]
[Site "?"]
[Date "2003.??.??"]
[Round "?"]
[White "Petricek, Jiri"]
[Black "Bernard, Roman"]
[Result "0-1"]
[WhiteElo "1875"]
[BlackElo "1800"]
[PlyCount "43"]
[EventDate "2003.??.??"]
[EventType "corr"]
[EventRounds "2"]
[SourceDate "2005.03.17"]

1. e4 e5 2. Nf3 d6 3. Nc3 c6 4. d4 exd4 5. Qxd4 Nf6 6. Bf4 Be7 7. O-O-O Ng4 8.
h3 c5 9. Qd2 Nf6 10. Bb5+ Bd7 11. Bxd7+ Qxd7 12. Bxd6 O-O 13. e5 Ne8 14. Bxb8
Qxd2+ 15. Rxd2 Rxb8 16. Rd7 Bd8 17. Nd5 f5 18. Re1 Ba5 19. Ne7+ Kh8 20. Red1 g6
21. Ng5 Bc7 22. Nd5 0-1